000 00428nam a2200181Ia 4500
001 18589
005 20260306171642.0
008 260306s9999||||xx |||||||||||||| ||und||
041 _aESP
082 _a658.4092
_bC28A 2009
100 _aCardona, Pablo
_eAUT
245 0 _aCómo desarrollar las competencias de liderazgo
260 _c2009
300 _a
_c
650 _aGEN
654 _aCAN
942 _cLIB
_dJUS
_fJUS
_2ddc
_n
999 _c18589
_d18589